Les 10 plus grosses entreprises françaises - Statistiques

Statistiques générales
  • Ce quiz a été pris 266 fois
  • Le résultat moyen est 6 sur 10
Statistiques - réponses
Classement CA Secteur d'activité Réponse % Correct
119 93,137 Luxe LVMH
78%
122 91,790 Grande distribution Carrefour
74%
118 93,358 Banque Crédit Agricole
68%
49 151,040 Energies EDF
68%
126 90,406 Assurances Axa
59%
130 89,258 Energie Engie
58%
64 136,073 Banque BNP Paribas
55%
104 99,163 Banque Société Générale
48%
23 218,945 Energies TotalEnergies
44%
166 75,551 Construction Vinci
28%
Aucun quiz correspondant
Distribution des résultats
% des personnes avec chaque résultat
Percentile par nombre de réponses
Votre historique - résultats
Vous n’avez pas pris ce quiz